000 00711cam a22002171 4500
001 ca 34000884
003 DLC
005 20260227111132.0
007 cr_|||||||||||
008 061129s1922 mau 000 0 eng
010 _aca 34000884
040 _aDLC
_cDLC
_dDLC
050 0 0 _aPS3545.I337
_bH5 1922
100 1 _aWilde, Percival,
_d1887-1953.
245 1 0 _aHis return,
_ba comedy. Opus 53.
260 _a[Boston?
_c1922]
300 _a1 p.l., p. [135]-150.
_c19 cm.
500 _aA separate from the author's Eight comedies for little theatres, Boston, 1922.
530 _aAlso available in digital form on the Internet Archive Web site.
856 4 1 _uhttp://hdl.loc.gov/loc.gdc/scd0001.00183783269
999 _c17392
_d17392